Publicidad y comunicación integral de marca

Saved in:
Bibliographic Details
Main Authors: O'Guinn, Thomas C. (autor), Allen, Chris T (Author), Semenik, Richard J (Author)
Format: Book
Language:Spanish
Published: Ciudad de México International Thomson 2004
Edition:3a. ed
Subjects:
Tags: Add Tag
No Tags, Be the first to tag this record!

MARC

LEADER 00000nam a2200000 a 4500
001 UCK3292
003 CL-VaPUC
008 050422e20040000MX |||||||||||||||||spa|d
020 |a 9706862803 
082 0 4 |a 659.1  |b OGU  |2 21 
100 |a O'Guinn, Thomas C.  |e autor  |9 531561 
700 0 |a Allen, Chris T  |e author  |9 491381 
700 0 |a Semenik, Richard J  |e author  |9 491382 
245 1 0 |a Publicidad y comunicación integral de marca 
250 |a 3a. ed 
300 |a 757 p 
942 |c BK 
945 |d 20050422 00:00:00  |a cmena 
260 |a Ciudad de México  |b International Thomson  |c 2004 
650 0 |a Publicidad  |9 314572 
650 0 |a Marketing  |9 259324 
650 0 |a Creatividad   |9 310816 
650 0 |a Planificación estratégica   |9 259735 
650 0 |a Medios de comunicación de masas  |9 257273 
583 |a last modification  |c 20050422 00:00:00  |k Rodrigo Vera 
999 |c 312539  |d 312537 
952 |0 0  |1 0  |4 0  |6 659_100000000000000_OGU_2004  |7 0  |8 A  |9 382994  |a BIBENE  |b BIBENE  |d 2019-11-21  |i 411566K  |o 659.1 OGU 2004  |p 411566K  |r 2025-01-15  |w 2019-11-21  |y BK  |k ICO 
952 |0 0  |1 0  |4 0  |6 659_100000000000000_OGU_2004  |7 0  |8 A  |9 382995  |a BIBENE  |b BIBENE  |d 2019-11-21  |i 4172752  |o 659.1 OGU 2004  |p 4172752  |r 2025-01-15  |w 2019-11-21  |y BK  |k ICO